| 000 | 00757cam a2200265Mi 4500 | ||
|---|---|---|---|
| 001 | 91995 | ||
| 005 | 20230411090049.0 | ||
| 008 | 100305s2010 sp g 001 0 spa d | ||
| 035 | _a(OCoLC)ocn630618485 | ||
| 040 |
_aESUDE _bspa _cESUDE |
||
| 020 | _a9788430947591 | ||
| 020 | _a8430947590 | ||
| 035 | _a(OCoLC)630618485 | ||
| 080 | _a341.176(4-672UE) | ||
| 049 | _aGRAL | ||
| 100 | 1 | _aMangas Martin, Araceli. | |
| 245 | 1 | 0 |
_aInstituciones y derecho de la Union Europea / _cAraceli Mangas Martin, Diego J. Linan Nogueras. |
| 250 | _a6a. ed. | ||
| 260 |
_aMadrid : _bTecnos, _c2010. |
||
| 300 |
_a580 p. ; _c24 cm. |
||
| 650 | 0 | 4 | _aDerecho comunitario. |
| 700 | 1 |
_aLinan Nogueras, Diego J., _ecoaut. |
|
| 942 |
_2lcc _cbk |
||
| 994 |
_aC0 _bDRFGD |
||
| 999 |
_c111854 _d111854 |
||